Představujeme nové nástroje personálního marketingu?
Personálny marketing a personálne plánovanie. Riadenie ľudských zdrojov ako strategický a logicky ucelený prístup k oblasti ľudských zdrojov. Vytvorenie dobrej zamestnávateľskej povesti podniku. Inzercia ako vizitka podniku. Spolupráca so školami. Budovanie imidžu firmy na dňoch otvorených dverí a n...
Gespeichert in:
| 1. Verfasser: | |
|---|---|
| Format: | Buchkapitel |
| Sprache: | Tschechisch |
| Schlagworte: | |
| Tags: |
Keine Tags, Fügen Sie das erste Tag hinzu!
|
MARC
| LEADER | 00000naa$a2200000$$$4500 | ||
|---|---|---|---|
| 001 | 0039570 | ||
| 005 | 20231016105300.6 | ||
| 041 | 0 | |a cze | |
| 044 | |a CZ | ||
| 245 | 1 | 0 | |a Představujeme nové nástroje personálního marketingu? |c Lenka Pešková |
| 520 | |a Personálny marketing a personálne plánovanie. Riadenie ľudských zdrojov ako strategický a logicky ucelený prístup k oblasti ľudských zdrojov. Vytvorenie dobrej zamestnávateľskej povesti podniku. Inzercia ako vizitka podniku. Spolupráca so školami. Budovanie imidžu firmy na dňoch otvorených dverí a na iných firemných akciách. | ||
| 610 | 2 | 0 | |a marketing personálny |
| 610 | 2 | 0 | |a práca personálna |
| 610 | 2 | 0 | |a zdroje ľudské |
| 610 | 2 | 0 | |a nábor pracovníkov |
| 610 | 2 | 0 | |a inzercia |
| 610 | 2 | 0 | |a školy |
| 610 | 2 | 0 | |a absolventi |
| 610 | 2 | 0 | |a kultúra podniková |
| 610 | 2 | 0 | |a imidž |
| 100 | 1 | |a Pešková, Lenka | |